| 000 | 00389nam a2200121 4500 | ||
|---|---|---|---|
| 008 | 240220b |||||||| |||| 00| 0 eng d | ||
| 022 | _a17296242 | ||
| 245 |
_aSouth Asian journal 20 : Quarterly Magazine of South Asian Journalists & scholars : _bApril - June 2008 |
||
| 246 | _aDemocracy in South Asia | ||
| 260 |
_aLahore : _bFree Media foundation, _c2008 |
||
| 300 | _b128 p. | ||
| 942 | _cCR | ||
| 999 |
_c4783 _d4783 |
||